000 00597nam a2200193 i 4500
001 150163
003 ES-MaACL
005 20240621134512.0
007 t|
008 071026s1931 sp c |||| | spa d
080 _a308(470)"19"
100 1 _aVallejo, César,
_d1892-1938
_9112833
245 1 0 _aRusia en 1931
_b: reflexiones al pie del Kremlin /
_cCésar Vallejo.
260 _aMadrid :
_bUlises,
_c1931.
300 _a266, XI p. :
_b1 retr. autor ;
_c17 cm.
651 4 _aRusia-
_xSituación social-
_yS.XX.
_9167844
852 _aES-MaACL
_jB-12647
999 _c150163
_d150163